00508nam a2200193Ia 450000500170000000800410001702000180005804000190007604100120009508200160010710000190012324500410014226000390018330000120022250400190023465000310025365100200028485000100030420230520103730.0131103s9999 xx 000 0 und d aSBN 701202661 aLoreto College aEnglish a823.91bWOO aWoolf,Virginia aFlushb a biography cVirginia Woolf aLondonbThe Hogarth Pressc1968 p. a 19 cm. aIncludes notes aWoolf, Virginia- Biography aEnglish Fiction aLCLIB